Детективы Агаты Кристи - Армагеддон - Statistics

General Stats
  • This quiz has been taken 53 times
  • The average score is 6 of 25
Answers on the Grid
Answers color-coded by a green-red scale on the quiz's grid according to % correct below.
Забытое убийство
Не прощаюсь
Убийства по алфавиту
Кокаиновые ночи
Бродяги Дхармы
Шелкопряд
Смерть в воздухе
И никого не стало
Пища богов
Английский пациент
Убийство в Восточном экспрессе
После похорон
Врата судьбы
Нефритовые чётки
Убийство в Месопотамии
Бесконечная ночь
Всё не так
Алмазная колесница
Дело об отравленных шоколадках
Объявлено убийство
Человек с золотым пистолетом
Смерть на Ниле
Убийство на улице Морг
Убийство Роджера Экройда
Безмолвный свидетель
Шутовской хоровод
Высокое окно
Они прибыли в Багдад
Тимбукту
Берег удачи
Свидетель обвинения
Маньчжурский кандидат
Смерть приходит в конце
Зло под Солнцем
Уплыть в закат
Золотой жук
Тело в библиотеке
Этюд в багровых тонах
Пять поросят
Мышеловка
Слепота
Смерть лорда Эджвера
Пена дней
Выкрикивается лот 49
Чёрный кофе
Испытание невинностью
Загадочное ночное убийство собаки
Ожерелье королевы
Карибская тайна
Место под Солнцем
 
Answer Stats
Answer % Correct
Убийство в Восточном экспрессе
88%
Убийства по алфавиту
70%
Смерть на Ниле
67%
Смерть в воздухе
36%
Убийство Роджера Экройда
33%
И никого не стало
30%
Убийство в Месопотамии
30%
Объявлено убийство
30%
Безмолвный свидетель
24%
Тело в библиотеке
18%
Пять поросят
18%
Смерть лорда Эджвера
18%
Чёрный кофе
18%
После похорон
15%
Карибская тайна
15%
Забытое убийство
12%
Они прибыли в Багдад
9%
Свидетель обвинения
9%
Зло под Солнцем
9%
Мышеловка
9%
Бесконечная ночь
6%
Смерть приходит в конце
3%
Врата судьбы
0%
Берег удачи
0%
Испытание невинностью
0%
No matching quizzes found
Score Distribution
Percent of People with Each Score
Percentile by Number Answered
Your Score History
You have not taken this quiz